000 00380 a2200085 4500
999 _c21341
_d21341
003 WA 310
005 20211104135235.0
008 211104s1997 pl |||f u||| 000 0 pol d
020 _a8323608741
040 _aWA 310
_cWA 310
041 _apol
_heng
245 0 0 _aOpakowania - Opakowania transportowe z zawartością - Oznaczenie elementów przed badaniami - Pobieranie i przygotowanie opakowań (wyłącznie dla potrzeb krajowych) PN-EN 22206/Ak:1997P /
_cNKP nr 133.
246 1 3 _aPN-EN 22206/Ak
246 1 3 _aICS 55.020
246 1 3 _aArkusz krajowy PN-EN 22206
246 3 1 _aPackaging - Complete, filled transport packages - Identification of parts when testing - Sampling and preparation of packages (only in the country)
260 _aWarszawa :
_bPKN,
_c1997.
300 _a2 strony ;
_c30 cm.
336 _2rdacontent
_aTekst
_btxt
337 _2rdamedia
_aBez urządzenia pośredniczącego
_bn
338 _2rdacarrier
_aWolumin
_bnc
500 _aZatwierdzona 17 października 1997 r.
590 _6Status: aktualna.
920 _a83-236-0874-1
942 _2ddc
_cBK